000 00828cab a2200205 4500
001 ABS38780
008 090401t1988 xxu||||| |||| 00| 0 eng d
035 _a(Sirsi) u12364
041 _aeng
100 _aJohnstone, R.
245 _aAutomation arrives on site
260 _c1988
350 _a0
490 _aBuilding Today
_v195(5739) 21 January 1988, 23-25(3)
520 _aDescribes the use of robots in the Japan ese construction industry . The five major construction companies, Shimizu, Taisei, Ohbayashi, Kajima and Takenaka Komuten have developed robots to carry out a wide range of tasks on site, including positioning of steel beams, distributing concrete, finishing slabs, painting and inspection.
650 _aROBOTICS
690 _aBUILDING AND CONSTRUCTION-OVERSEAS
942 _n0
948 _c04/03/1997
999 _c7904
_d7904